| 000 | 00584cam a22002171 4500 | ||
|---|---|---|---|
| 001 | sa 64000020 | ||
| 003 | DLC | ||
| 005 | 20260227111953.0 | ||
| 008 | 820409s1963 ii 000 0 eng | ||
| 010 | _asa 64000020 | ||
| 025 | _aPL480:I-E-1623 | ||
| 035 | _a(OCoLC)8326065 | ||
| 040 |
_aDLC _cViU _dDLC |
||
| 042 | _apremarc | ||
| 050 | 0 | 0 |
_aDS421.5 _b.R185 |
| 100 | 1 |
_aRajagopalachari, C. _q(Chakravarti), _d1878-1972. |
|
| 245 | 1 | 0 |
_aOur culture; _b[3 lectures] |
| 260 |
_aBombay, _bBharatiya Vidya Bhavan, _c1963. |
||
| 300 |
_a51 p. _c19 cm. |
||
| 651 | 0 |
_aIndia _xCivilization. |
|
| 999 |
_c55972 _d55972 |
||